Statistics for Avengers Academy Students by Picture

Click here to take the quiz!

General Stats

  • This quiz has been taken 7 times
  • The average score is 8 of 16

Answer Stats

Answer% Correct
Hazmat
86%
Reptil
86%
White Tiger
86%
X-23
71%
Lightspeed
57%
Mettle
57%
Power Man
57%
Butterball
43%
Finesse
43%
Wiz-Kid
43%
Loa
29%
Machine Teen
29%
She-Hulk
29%
Striker
29%
Veil
29%
Justin Seyfert
14%

Score Distribution

Percentile by Number Answered

Percent of People with Each Score

Your Score History

You have not taken this quiz